| 000 | 00648nac a22002171i 4500 | ||
|---|---|---|---|
| 003 | EG-ScBUE | ||
| 005 | 20230227033128.0 | ||
| 008 | 230227s2002 cc a f 000 0 eng d | ||
| 020 | _a9627723649 | ||
| 040 |
_aEG-ScBUE _beng _erda _cEG-ScBUE _dEG-ScBUE |
||
| 082 | 0 | 4 |
_a727.6 _bMUS _222 |
| 245 | 0 | 0 |
_aMuseums / _bedited by Bernard Chan. |
| 264 | 1 |
_aHong Kong : _bPace publishing Limited, _c2002. |
|
| 300 |
_a223 pages : _bcolor illustrations ; _c30 cm. |
||
| 490 | 0 | _aHundred outstanding architects | |
| 650 | 7 |
_aMuseum architecture. _2BUEsh |
|
| 653 | _bENGARC | ||
| 655 | _vReading book | ||
| 700 | 1 |
_aChan, Bernard, _eeditor. |
|
| 942 |
_cBB _2ddc |
||
| 999 |
_c3529 _d3529 |
||